Loading...
Literature - World Literature | 0 | 8 | 0 | 2 | 80 | 45 | 84.63 | 2 | 3 |
Literature - American Literature | 0 | 7 | 0 | 0 | 70 | 54 | 73.43 | 0 | 4 |
Literature - British Literature | 0 | 5 | 1 | 0 | 45 | 25 | 57.80 | 3 | 3 |
Painting/Sculpture | 0 | 4 | 0 | 1 | 40 | 72 | 92.75 | 0 | 0 |
Literature - European Literature | 0 | 5 | 2 | 0 | 40 | 67 | 74.20 | 0 | 5 |
Social Science | 0 | 2 | 0 | 0 | 20 | 69 | 75.00 | 0 | 1 |
Fine Arts - Other Fine Arts | 0 | 2 | 1 | 0 | 15 | 37 | 57.00 | 1 | 2 |
History - American History | 0 | 1 | 0 | 0 | 10 | 51 | 51.00 | 0 | 0 |
Philosophy | 0 | 1 | 0 | 0 | 10 | 100 | 100.00 | 0 | 0 |
Pop Culture | 0 | 1 | 0 | 0 | 10 | 67 | 67.00 | 0 | 0 |
History - Other History | 0 | 1 | 1 | 0 | 5 | 95 | 95.00 | 0 | 0 |
History - European History | 0 | 0 | 1 | 0 | -5 | 0.00 | 0 | 0 | |
Science - Chemistry | 0 | 0 | 1 | 0 | -5 | 0.00 | 0 | 0 |